[Event "EICC 2017"]
[Site "Minsk"]
[Date "2017.06.03"]
[Round "5"]
[White "Dastan, Muhammed Batuhan"]
[Black "Saric, Ivan"]
[Result "0-1"]
[WhiteElo "2519"]
[BlackElo "2618"]
[Annotator "TA"]
[PlyCount "104"]
[EventDate "2017.??.??"]
[EventCountry "BLR"]
[SourceTitle "playchess.com"]
[Source "ChessBase"]
[SourceQuality "1"]

{[%evp 24,104,0,0,0,14,26,-20,0,-3,-3,-12,-11,-11,0,0,0,-3,-5,-15,-23,-165,-156,-141,-44,-64,-16,-86,-86,-79,-80,-89,-80,-88,-31,-12,-38,-17,-34,-78,-58,-69,-66,-56,-27,-58,-24,-358,-175,-656,-656,-678,0,-675,-681,-656,-650,-580,-590,-462,-487,-467,-462,-462,-462,-5022,-4904,-4558,-2052,-1173,-462,-462,-462,-5177,-5169,-5216,-5186,-5089,-4922,-3195,-1311,-29980,-29981]} 1. e4 c5 2. Nf3 d6 3. d4 cxd4 4. Nxd4 Nf6 5. Nc3 a6 6. Be2 e5 7. Nb3 Be7 8. Be3 Be6 9. Qd3 O-O 10. Nd5 Nbd7 11. O-O Bxd5 12. exd5 Rc8 13. c4 Ne8 {B92: Sicilian Najdorf: 6 Be2} 14. Rac1 (14. Qd2 b6 15. Rac1 a5 16. Na1 g6 17. b4 Ng7 18. bxa5 bxa5 19. Bd3 Nc5 20. Bc2 a4 21. Rb1 {0-1 (66) Carlsen,M (2853)-Grischuk,A (2771) Saint Louis 2015}) 14... b6 15. Kh1 $146 (15. Bg4 {is more complex.} Rb8 16. Bh3 g6 17. Bh6 Ng7 18. f4) ({Predecessor:} 15. g3 Nc5 16. Qd1 Bf6 17. Bg4 Rb8 18. h4 g6 19. h5 Bg7 20. hxg6 hxg6 21. Qc2 {½-½ (38) Yandarbiev,R (2330)-Murzin,V (2061) Taganrog 2017}) 15... Bg5 {The position is equal.} (15... g6 {with more complications.} 16. g4 Ng7 17. f4 f5 18. gxf5 Nxf5 19. Bg4 Bh4) 16. Qd2 Bxe3 17. Qxe3 a5 18. Nd2 f5 19. b3 Nef6 20. a3 Kh8 21. f4 Re8 22. Nf3 (22. Rce1 $11) 22... exf4 $19 23. Qd2 Nc5 (23... Re3 $1 $17 24. Ng5 Qe7) 24. Nd4 $15 Qe7 (24... Nfe4 $5 {[%cal Re4d2]} 25. Qxf4 Qf6 $15) 25. b4 (25. Qxf4 $11 Nxb3 26. Nxb3 Qxe2 27. Nd4) 25... axb4 $17 26. axb4 {[#]} Nb3 $1 {[%cal Rb3d2][%mdl 512]} 27. Nxb3 {aiming for Bd3.} Qxe2 28. Qxf4 Qe3 (28... Re4 $17 29. Qxf5 Rcxc4 30. Rxc4 Rxc4) 29. Qxe3 $15 Rxe3 30. Nd4 g6 31. Nc6 Ne4 32. Rf3 Re2 $1 {...Ra8 is the strong threat.} 33. Ra3 Re8 34. h3 Nd2 {Strongly threatening ...Re1+.} 35. c5 $2 {[%mdl 8192]} (35. Kg1 $11) 35... bxc5 (35... Re1+ $142 36. Rxe1 Rxe1+ 37. Kh2 f4) 36. bxc5 $2 (36. Kg1) 36... Re1+ $19 37. Rxe1 Rxe1+ {[%mdl 4096] Endgame KRN-KRN} 38. Kh2 {[#]} f4 $1 {( -> ...Nf1+)} 39. h4 Nf1+ 40. Kh3 {[#]} Ne3 $1 41. Rxe3 Rxe3+ {KR-KN} ({Not} 41... fxe3 42. cxd6 Rh1+ 43. Kg4 $19) 42. Kg4 Rd3 43. cxd6 {Black must now prevent Ne7.} Rxd5 44. Kxf4 (44. h5 $142 Rxd6 45. Ne7) 44... Rxd6 45. Ne5 Rd4+ 46. Kg3 Kg7 (46... Re4 $142 47. Ng4 h5) 47. Nf3 Ra4 48. Kh3 (48. h5 $142) 48... Kf6 49. Ng5 h6 50. Nf3 Kf5 51. Kg3 Ra3 52. Kh3 Kf4 {Precision: White = 37%, Black = 60%.} 0-1

[Event "EICC 2017"]
[Site "Minsk"]
[Date "2017.06.03"]
[Round "5"]
[White "Moskalenko, Alexander"]
[Black "Swiercz, Dariusz"]
[Result "1-0"]
[WhiteElo "2514"]
[BlackElo "2649"]
[Annotator "TA"]
[PlyCount "93"]
[EventDate "2017.??.??"]
[EventCountry "BLR"]
[SourceTitle "playchess.com"]
[Source "ChessBase"]
[SourceQuality "1"]

{[%evp 24,93,7,0,54,60,60,62,60,58,52,52,62,66,82,47,43,38,52,30,60,52,52,45,47,47,66,60,83,44,82,65,92,83,78,33,67,56,77,41,53,0,70,50,104,104,104,104,99,94,127,129,142,149,293,294,416,399,417,419,404,393,404,412,410,384,431,433,430,427,481,436]} 1. Nf3 Nf6 2. c4 b6 3. d4 e6 4. g3 Ba6 5. b3 d5 6. cxd5 exd5 7. Bg2 Bb4+ 8. Bd2 Be7 9. Nc3 O-O 10. O-O Re8 11. Ne5 {E15: Queen's Indian: 4 g3 sidelines, 4 g3 Ba6 and 4 g3 Bb7 early deviations} Bb7 12. Bg5 Nbd7 13. Rc1 {LiveBook: 4 Games. The position is equal.} Nf8 {[#]} (13... c6 $11) 14. b4 $146 ({Predecessor:} 14. e3 c6 15. f4 Rc8 16. Qf3 Rc7 17. Rc2 h6 18. Bh4 N6h7 19. Bxe7 Rcxe7 {1-0 (49) Laznicka,V (2677)-Bologan,V (2672) Poikovsky 2013}) 14... Ne6 15. Bxf6 Bxf6 16. e3 a6 17. Nd3 c6 18. Qb3 Qd6 19. Na4 Qd8 20. Rfe1 {[%cal Bf1e1,Be1e2,Be2c2][%mdl 32]} Rb8 21. a3 Ba8 22. h4 g6 23. Qd1 Qd6 24. Re2 Nc7 25. Nc3 Bb7 26. Bh3 Ne6 27. Rec2 Bc8 {...Nxd4 is the strong threat.} 28. Bg2 Bd7 29. Nb1 Nd8 30. Qf1 Ra8 31. Rb2 Bf5 32. Bh3 {[#]} ({White should try} 32. a4 $14) 32... Qd7 (32... Rxe3 $1 $11 {[%mdl 512]} 33. Bxf5 (33. fxe3 Qxg3+) 33... Re8) 33. Kh2 Rc8 (33... h6 $14) 34. Bxf5 $16 Qxf5 35. Qh3 Qxh3+ 36. Kxh3 Ra8 37. a4 b5 38. Ra2 Rb8 {[#]} (38... bxa4 $16 39. Rxa4 Re7) 39. Nc5 $1 $18 {[%cal Rc5d7]} Be7 (39... Re7 $142 40. Nxa6 Rbb7 41. axb5 Rxb5) 40. Nxa6 Rb7 41. axb5 cxb5 42. Nc7 Rf8 43. Nxd5 Ne6 44. Rc6 Rd8 45. Nxe7+ {White is clearly winning.} Rxe7 46. Nc3 h5 47. Ra5 {Precision: White = 67%, Black = 18%.} 1-0

[Event "EICC 2017"]
[Site "Minsk"]
[Date "2017.06.03"]
[Round "5"]
[White "Kotronias, Vasilios"]
[Black "Sutovsky, Emil"]
[Result "0-1"]
[WhiteElo "2508"]
[BlackElo "2646"]
[Annotator "TA"]
[PlyCount "98"]
[EventDate "2017.??.??"]
[EventCountry "BLR"]
[SourceTitle "playchess.com"]
[Source "ChessBase"]
[SourceQuality "1"]

{[%evp 16,98,0,-7,23,0,0,0,0,0,0,-25,-20,-25,-32,-31,-19,-44,-47,-41,-51,-45,-46,-70,-64,-70,-54,-89,-24,-32,0,0,0,-35,0,-68,-62,-70,-54,-67,-47,-49,-48,-51,-51,-205,48,28,6,6,6,-45,-45,-41,-39,-43,-6,-13,-14,-11,-20,-20,-8,-20,-20,-56,-60,-61,-41,-141,-50,-64,-20,-20,-8,-130,-112,-608,-605,-29986,-29987,-29989,-5273,-29990,-29991]} 1. e4 e6 2. d4 d5 3. Nd2 Be7 4. Ngf3 Nf6 5. e5 Nfd7 6. c3 c5 7. Bd3 Nc6 8. O-O a5 9. a3 {LiveBook: 10 Games. C06: French Tarrasch: 3...Nf6 4 e5 Nfd7 5 Bd3 main lines} (9. Re1 cxd4 10. cxd4 Qb6 11. a4 Nxd4 12. Nxd4 Qxd4 13. Nf3 Qb6 14. Be3 Nc5 15. Bb5+ Bd7 16. Nd4 Bxb5 17. Nxb5 O-O 18. Qg4 Rfc8 {0-1 (33) Naroditsky,D (2631)-So,W (2779) ICC INT 2015}) 9... a4 10. Bc2 b5 11. Re1 {The position is equal.} cxd4 12. cxd4 Nb6 13. h4 $146 ({Predecessor:} 13. Nf1 Nc4 14. Rb1 Bd7 15. Bd2 Qb6 {0-1 (38) Sahl,S (2216)-Hoang,T (2485) Tromsoe 2014}) 13... Bxh4 14. Nxh4 Qxh4 15. Nf3 Qg4 16. Rb1 Ba6 17. b3 axb3 18. Rxb3 Nc4 19. Be3 N6a5 20. Rc3 Nxe3 21. fxe3 {[%cal Bf2e3,Be3e4][%mdl 32]} Nc4 (21... f5 $17 22. exf6 gxf6) 22. Qb1 $1 $11 h5 23. e4 $1 h4 24. Nh2 Qg5 25. Rh3 (25. Nf3 $11 Qe7 26. exd5) 25... Nd2 $15 26. Qb4 {Threatens to win with exd5.} Rc8 27. Bd3 $1 dxe4 28. Bxb5+ Bxb5 29. Qxb5+ Kf8 30. d5 $2 (30. Qb7 $15 Rd8 31. Qb4+ Kg8 32. Qc3) 30... Rh6 $2 (30... exd5 $19 {aiming for ...Rh6.} 31. Qxd5 Rh6) 31. Qb7 $14 Re8 $132 {[%mdl 2048] Black has counterplay} 32. Re2 Kg8 {...exd5 is the strong threat.} 33. Qb4 {[#]} ({White should try} 33. d6 $11) 33... Nf3+ $1 $15 {[%mdl 512]} 34. Nxf3 exf3 35. Rxf3 h3 {Hoping for ...hxg2.} 36. Qd2 Qg6 37. dxe6 Qxe6 {Strongly threatening ...hxg2.} 38. g3 Rh5 (38... h2+ $5 39. Rxh2 Rxh2 40. Kxh2 Qxe5 $11) 39. Qf4 h2+ 40. Rxh2 Rxe5 41. Rhf2 {[%cal Rf4f7]} f6 42. Kg2 {[#]} (42. Qa4 $15) 42... Rc8 ({Black should play} 42... Rh5 $1 $17 43. g4 Rh4) 43. Qb4 Rh5 44. Qb3 $1 {[%cal Rb3e6]} Rc4 {( -> ...Qh3+)} 45. Kg1 {[#]} (45. Rf4 $1 $11 Rhc5 46. Rxc4 Qd5+ 47. Kh2 Qxc4 48. Rf3) 45... Kh8 $1 $17 {And now ...Qh3! would win.} 46. Qb8+ $2 {[%mdl 8192]} (46. Rc2 $17 Qe1+ 47. Rf1) 46... Rc8 $19 47. Qb2 Qh3 {[%csl Gh5][%cal Rh3h1]} 48. Rg2 Qh1+ 49. Kf2 Rh2 {Precision: White = 36%, Black = 52%.} 0-1

[Event "EICC 2017"]
[Site "Minsk"]
[Date "2017.06.03"]
[Round "5"]
[White "Meskovs, Nikita"]
[Black "Edouard, Romain"]
[Result "1/2-1/2"]
[WhiteElo "2504"]
[BlackElo "2640"]
[Annotator "TA"]
[PlyCount "38"]
[EventDate "2017.??.??"]
[EventCountry "BLR"]
[SourceTitle "playchess.com"]
[Source "ChessBase"]
[SourceQuality "1"]

{[%evp 20,38,39,0,38,32,34,26,37,36,68,39,33,32,26,26,50,0,19,0,52]} 1. c4 c5 2. Nf3 g6 3. d4 cxd4 4. Nxd4 Nc6 5. e4 Nf6 6. Nc3 d6 7. Be2 Nxd4 8. Qxd4 Bg7 9. Be3 O-O 10. Qd2 Be6 11. f3 a5 {B36: Sicilian: Maroczy Bind: Gurgenidze System} (11... Qa5 12. Nd5 Qxd2+ 13. Kxd2 Nxd5 14. cxd5 Bd7 15. Rac1 Rfc8 16. Rxc8+ Rxc8 17. Rc1 a6 18. Rxc8+ Bxc8 19. b3 h5 {½-½ (32) Donchenko,A (2563)-Kveinys,A (2499) Heusenstamm 2016}) 12. b3 a4 13. O-O axb3 {White has an edge.} 14. axb3 Nd7 15. Rxa8 (15. Rfc1 {keeps more tension.} Nc5 16. Rab1 Ra3 17. Bd1 Qa8 18. Bd4) 15... Qxa8 16. Nb5 $146 ({Predecessor:} 16. Na4 b6 17. Nxb6 Nxb6 18. Bxb6 Rb8 19. Qe3 Qa2 20. Kf2 Qb2 {0-1 (44) Smolka,M (2133)-Powierski,E (2281) Krakow 2015}) 16... Rc8 17. Na7 Rc5 18. Nb5 Rc8 19. Na7 Rc5 1/2-1/2

[Event "EICC 2017"]
[Site "Minsk"]
[Date "2017.06.03"]
[Round "5"]
[White "Sviridov, Valery"]
[Black "Banusz, Tamas"]
[Result "1/2-1/2"]
[WhiteElo "2504"]
[BlackElo "2616"]
[Annotator "TA"]
[PlyCount "44"]
[EventDate "2017.??.??"]
[EventCountry "BLR"]
[SourceTitle "playchess.com"]
[Source "ChessBase"]
[SourceQuality "1"]

{[%evp 21,44,20,24,7,8,30,23,0,0,0,0,7,13,0,0,0,0,0,0,0,26,45,27,0,21]} 1. d4 d5 2. c4 e6 3. Nf3 Nf6 4. g3 Bb4+ 5. Bd2 Be7 6. Bg2 O-O 7. O-O Nbd7 8. Qc2 Ne4 9. Bf4 c6 10. Nc3 g5 {E08: Closed Catalan: Main Line: 7 Qc2} 11. Bc1 f5 {LiveBook: 11 Games} 12. Ne1 $146 ({Predecessor:} 12. b3 b6 13. Bb2 Bb7 14. Rad1 Qe8 15. Nd2 Nd6 16. Ba3 Rc8 17. Rfe1 Nf7 18. Qb2 {½-½ (30) So,W (2822)-Nakamura,H (2793) Saint Louis 2017}) 12... Bf6 13. e3 Qe7 14. Nd3 b6 15. b3 Bb7 16. Bb2 Qg7 17. Rac1 Rac8 18. Ne2 c5 19. Rfd1 Rfe8 20. dxc5 bxc5 21. Bxf6 Qxf6 22. Qb2 (22. f3 $5 {[%cal Rf3e4]}) 22... Qxb2 {Precision: White = 46%, Black = 65%.} 1/2-1/2

[Event "EICC 2017"]
[Site "Minsk"]
[Date "2017.06.03"]
[Round "5"]
[White "Theodorou, Nikolas"]
[Black "Oleksiyenko, Mykhaylo"]
[Result "1/2-1/2"]
[WhiteElo "2495"]
[BlackElo "2636"]
[Annotator "TA"]
[PlyCount "91"]
[EventDate "2017.??.??"]
[EventCountry "BLR"]
[SourceTitle "playchess.com"]
[Source "ChessBase"]
[SourceQuality "1"]

{[%evp 30,91,32,10,13,17,35,33,36,32,37,24,43,32,22,8,25,0,80,77,79,61,96,91,100,72,124,100,93,101,96,21,0,0,0,0,1,6,9,0,0,0,437,427,412,406,389,174,366,56,52,0,347,71,78,0,0,0,0,0,0,0,0,0]} 1. g3 Nf6 2. Bg2 g6 3. c4 Bg7 4. d4 O-O 5. Nc3 d6 6. Nf3 Nc6 7. O-O a6 8. d5 Na5 9. b3 c6 10. dxc6 Nxc6 11. Bb2 Qa5 {E63: King's Indian: Fianchetto: Panno Variation with 7...a6} (11... Rb8 12. Rc1 Bd7 13. Qd2 b5 14. Nd5 Ne4 15. Qc2 Bxb2 16. Qxb2 b4 17. Ne1 Nc5 18. Nd3 Nxd3 19. exd3 {1-0 (40) Gelfand,B (2743)-Kasimdzhanov,R (2691) Tashkent 2016}) 12. Nd5 Nxd5 13. Bxg7 Nc3 14. Bxc3 Qxc3 15. Rc1 Qa5 16. Qd2 {LiveBook: 4 Games} (16. Qc2 {looks sharper.} Bf5 17. Qb2 Rfd8 18. Rfd1 Be4 19. a3) 16... Qxd2 17. Nxd2 {[#]} Rd8 $146 ({Predecessor:} 17... Bd7 18. Rfd1 Nd4 19. Kf1 {½-½ (35) Tregubov,P (2628)-Degraeve,J (2530) Paris 2004}) 18. Ne4 Bg4 19. Nc3 (19. f3 $5 {[%cal Rf3g4]} Be6 20. Nc3 $14) 19... Rab8 20. h3 Bd7 21. Rfd1 b6 22. Nd5 Kf8 23. b4 {[%cal Bb3b4,Bb4b5][%mdl 32]} a5 (23... Rdc8 $11) 24. b5 $36 {[%mdl 2048] Black is under strong pressure.} Na7 25. g4 h6 26. f4 Rdc8 27. Rf1 f5 ({Black should play} 27... e6) 28. gxf5 gxf5 29. e4 Rc5 30. e5 (30. a4 $16) 30... dxe5 $11 31. fxe5 e6 $1 {[%cal Re6d5]} 32. Nf4 Rbc8 $1 33. Rcd1 Ke7 $1 34. Rf3 Rxc4 {[#] ...Rc1 is the strong threat.} 35. Rg3 {Hoping for Rg7+.} Rxf4 $4 {[%mdl 8192]} ({Not} 35... Nxb5 36. Rg7+ Kf8 37. Rdxd7 $16) (35... R8c7 $1 $11 {and Black stays safe.}) 36. Rg7+ $18 Kf8 37. Rdxd7 {Strongly threatening Rdf7+.} Nxb5 38. Rdf7+ Ke8 39. Re7+ $2 (39. Rf6 $18 Rc1+ 40. Kh2) 39... Kf8 $14 40. Ref7+ $2 {[%mdl 8192]} (40. a4 $14 Rxa4 41. Ref7+ Ke8 42. Rh7 Ra1+ 43. Kh2) 40... Ke8 $18 41. Rb7 $2 (41. Rf6 $18 {is the precise move to win.} Rc1+ 42. Kh2) 41... Kf8 $16 42. Rh7 (42. Kh2 $16) 42... Kg8 $11 {The position is equal.} 43. Rbg7+ Kf8 44. Rb7 {[%cal Rh7h8] [#]} (44. Rg6 $5 {[%cal Rh7h8]} Rc1+ 45. Kh2 $11) 44... Kg8 45. Rhg7+ Kh8 46. Rh7+ {Precision: White = 35%, Black = 69%.} 1/2-1/2

[Event "EICC 2017"]
[Site "Minsk"]
[Date "2017.06.03"]
[Round "5"]
[White "Iljiushenok, Ilia"]
[Black "Salgado Lopez, Ivan"]
[Result "0-1"]
[WhiteElo "2489"]
[BlackElo "2627"]
[Annotator "TA"]
[PlyCount "80"]
[EventDate "2017.??.??"]
[EventCountry "BLR"]
[SourceTitle "playchess.com"]
[Source "ChessBase"]
[SourceQuality "1"]

{[%evp 35,80,20,87,83,87,80,88,87,85,87,95,32,71,31,29,18,46,0,0,-43,0,-5,-16,0,-17,-37,-48,-242,-251,-235,-234,-225,-229,-203,-192,-586,-587,-339,-300,-29987,-29988,-29988,-29989,-29989,-29990,-29990,-29991]} 1. e4 c5 2. Nf3 Nc6 3. d4 cxd4 4. Nxd4 Nf6 5. Nc3 e5 6. Ndb5 d6 7. Bg5 a6 8. Na3 b5 9. Bxf6 gxf6 10. Nd5 f5 11. Bd3 Be6 12. O-O Bxd5 13. exd5 Ne7 14. Nxb5 Bg7 {B33: Sicilian: Pelikan and Sveshnikov Variations} 15. Nc3 O-O (15... e4 16. Be2 Ng6 17. Re1 O-O 18. Bf1 Re8 19. Qd2 Rb8 20. Rab1 Ne5 21. Bxa6 Qf6 22. Be2 {0-1 (41) Zhao,J (2621)-Wei,Y (2706) China 2015}) 16. Qh5 e4 17. Bc4 Qc8 18. Bb3 Ng6 {LiveBook: 9 Games} (18... Bxc3 $11 19. bxc3 f6) 19. f4 Bxc3 20. bxc3 a5 {[#] Hoping for ...a4.} 21. a4 $1 Kh8 $146 ({Predecessor:} 21... Qxc3 22. Qxf5 {½-½ (44) Calandri,F (2144)-Moser,E (2405) Arvier 2007}) 22. Kh1 Rg8 23. g3 (23. c4 $16) 23... Rg7 $14 24. Rae1 Ne7 25. c4 Ng8 26. Qd1 (26. c5 $5) 26... Qc5 27. Qa1 Re8 {[%mdl 1024] Black has compensation.} 28. Qc3 h5 {[%cal Bh7h5,Bh5h4][%mdl 32]} 29. Ba2 Kh7 30. Re2 Rb8 31. Rb1 $2 (31. Kg2 $15) 31... Rxb1+ $19 32. Bxb1 h4 $1 33. Ba2 {[#]} Nh6 $1 34. Qe3 Qc8 35. Kg2 $2 (35. gxh4 Ng4 $17) (35. Bb3 {is more resistant.}) 35... Ng4 36. Qb6 Qg8 37. Qd4 $2 (37. Qxa5 Nxh2 38. Kxh2 Rxg3 39. Qe1 Qg4 40. Qf1 Rf3 41. Qg2 Qxf4+ 42. Kh1 h3 43. Qg1 Rf1 44. Qxf1 Qxf1+ 45. Kh2 Qxe2+ 46. Kxh3 Qf2 47. Bb3 f4 48. Kg4 Kg6 49. Kh3 Qg3#) ({Don't go for} 37. gxh4 $2 Ne3+ 38. Kf2 Nd1+ 39. Ke1 Rg1+ 40. Kd2 Qg7 $19) (37. Kf1 $19 hxg3 38. Qg1 (38. hxg3 $2 Nh6 $19)) 37... Nxh2 {Black mates.} 38. Kxh2 Rxg3 39. Qf2 Qg4 {[%csl Gg3][%cal Rg4h3]} 40. Qf1 Rf3 {Precision: White = 30%, Black = 81%.} 0-1

[Event "EICC 2017"]
[Site "Minsk"]
[Date "2017.06.03"]
[Round "5"]
[White "Hamitevici, Vladimir"]
[Black "Erdos, Viktor"]
[Result "1/2-1/2"]
[WhiteElo "2487"]
[BlackElo "2614"]
[Annotator "TA"]
[PlyCount "120"]
[EventDate "2017.??.??"]
[EventCountry "BLR"]
[SourceTitle "playchess.com"]
[Source "ChessBase"]
[SourceQuality "1"]

{[%evp 13,120,14,14,0,0,9,10,3,9,-20,21,9,24,17,44,7,11,15,10,8,4,-22,0,0,0,-69,-62,-78,155,151,172,31,122,0,0,0,0,0,53,0,0,0,0,0,0,10,78,80,73,62,66,0,0,0,0,-37,-42,-55,168,173,167,162,176,147,157,12,12,18,88,46,59,8,4,0,0,0,0,-30,0,-24,-18,-27,-27,-28,-50,-49,-43,-92,0,0,0,0,0,0,0,0,0,0,0,0,0,0,0,0,0,0,0,0,0]} 1. e4 c5 2. Be2 Nc6 3. f4 d5 4. d3 Nf6 5. e5 Ng8 6. c3 {B21: Sicilian: 2 f4 and Morra Gambit} Nh6 7. Nf3 Bg4 {LiveBook: 3 Games} 8. h3 $146 ({Predecessor:} 8. Be3 e6 9. Nbd2 Nf5 10. Bf2 h5 11. O-O Be7 12. h3 Bxf3 13. Nxf3 {0-1 (40) McShane,L (2615)-Efimov,I (2433) Novi Sad 2009}) 8... Bxf3 9. Bxf3 e6 10. g4 Qh4+ 11. Ke2 f6 12. exf6 {With the idea Be3.} Nf7 13. fxg7 Bxg7 14. Kd2 O-O-O 15. Kc2 e5 16. Qe1 Qe7 17. Qg3 c4 18. dxc4 e4 19. Bg2 ({Better is} 19. Re1 $11 Qc5 20. Bg2) 19... d4 $1 $15 (19... dxc4 20. Nd2 $16) 20. Re1 $1 dxc3 $2 (20... Nd6 $1 $17 {stays on course.}) 21. Nxc3 $16 Rd3 22. Qf2 (22. Re3 $1 $18) 22... Bd4 (22... Nb4+ $1 $14 23. Kb1 Rxc3 24. bxc3 Nd3) 23. Qe2 (23. Qf1 $1 $16 Bxc3 24. bxc3 (24. Rxe4 Qf6 $14)) 23... Bxc3 $11 24. bxc3 Rxc3+ 25. Kb1 (25. Kxc3 $2 Qb4+ 26. Kc2 Nd4+ 27. Kd1 Qa4+ 28. Kd2 Qc2+ 29. Ke3 Nxe2 $19) 25... Qb4+ ({Black should play} 25... Rd8 $11 26. Qb2 (26. Qxe4 $2 Qb4+ 27. Bb2 Rd2 $19) 26... Rxc4) 26. Bb2 Rd8 27. Bxe4 Nd4 28. Qf2 (28. Qd2 $2 Nb5 $19) 28... Rxc4 29. a3 Qb6 {[#]} (29... Qa4 $1 $11 {keeps the balance.}) 30. Qe3 $1 $16 {And now Ka2 would win.} Nd6 {[#]} 31. Bd5 $1 {[%cal Rd5c4]} Re8 32. Qf2 (32. Qxe8+ $1 $14 Nxe8 33. Bxc4) 32... Rxe1+ $11 33. Qxe1 Rc5 $36 {[%mdl 2048] Black has good play.} 34. Qe5 (34. Be6+ $5 Kb8 35. f5 $11) 34... Rb5 {[%mdl 1024] Black has compensation.} 35. Ra2 Qa5 $2 (35... Qc5 $1 $15 {keeps the upper hand.} 36. Be6+ (36. Qh8+ Kc7 $19) 36... Nxe6 37. Qxe6+ Kb8) 36. Qh8+ Kc7 {[%cal Ra5e1]} 37. Qg7+ ({But not} 37. Qxd4 $6 Rxd5 38. Qb4 Qa6 $14) 37... Kc8 {[%cal Ra5e1]} 38. Qxd4 Rxd5 39. Qc3+ (39. Qh8+ $16 Qd8 40. Qxd8+ (40. Qxh7 Nc4 $11) 40... Kxd8 41. Bf6+ Kc7 42. Rc2+ Kb6 43. f5) 39... Qxc3 40. Bxc3 {[%mdl 4096] Endgame KRB-KRN} Rd3 (40... Rd1+ $11 41. Kc2 Rh1) 41. Bb4 Nc4 $1 42. Rf2 (42. f5 $14) 42... a5 43. Bf8 Kd7 44. h4 Ke8 45. Bg7 Rxa3 46. h5 Kf7 47. h6 Rb3+ 48. Kc1 Rg3 {Hoping for ...b5.} 49. g5 b5 {White must now prevent ...b4.} 50. Bf6 Rg1+ (50... b4 $17 51. Re2 b3 52. Re7+ Kf8) 51. Kc2 {The position is equal.} Ne3+ (51... Re1 $5 {[%cal Re1e3]}) 52. Kd3 $1 {[%cal Rd3e3]} Ng4 53. Rc2 $1 Nxf6 {KRN-KR} 54. Rc7+ Kf8 {Strongly threatening ...b4.} 55. gxf6 {KR-KR} Rg6 56. Rxh7 Rxf6 57. Rh8+ Kf7 58. h7 Kg7 59. Rb8 Kxh7 60. Rxb5 Rxf4 {Precision: White = 42%, Black = 57%.} 1/2-1/2

[Event "EICC 2017"]
[Site "Minsk"]
[Date "2017.06.03"]
[Round "5"]
[White "Ali Marandi, Cemil Can"]
[Black "Andriasian, Zaven"]
[Result "1/2-1/2"]
[WhiteElo "2479"]
[BlackElo "2622"]
[Annotator "TA"]
[PlyCount "33"]
[EventDate "2017.??.??"]
[EventCountry "BLR"]
[SourceTitle "playchess.com"]
[Source "ChessBase"]
[SourceQuality "1"]

{[%evp 9,33,27,30,2,5,-2,11,0,-3,3,2,0,2,0,28,19,29,0,0,-9,0,0,27,-14,9,18]} 1. e4 c5 2. Nf3 d6 3. d4 cxd4 4. Nxd4 Nf6 5. Nc3 a6 6. h4 {B90: Sicilian Najdorf: Unusual White 6th moves, 6 Be3 Ng4 and 6 Be3 e5} (6. f3 e5 7. Nb3 Be6 8. Be3 h5 9. Qd2 Nbd7 10. Nd5 Bxd5 11. exd5 g6 12. Be2 Bg7 13. O-O b6 14. c4 O-O 15. h3 Nh7 16. g4 hxg4 17. hxg4 Bf6 {½-½ (49) So,W (2815)-Giri,A (2785) chess.com INT 2017}) 6... e5 7. Nb3 Be7 8. Bg5 Be6 $146 ({Predecessor:} 8... Nbd7 9. a4 h6 10. Bd2 Qc7 11. a5 b5 12. axb6 Nxb6 13. Na5 Be6 {0-1 (33) Kostenko,P (2440)-Jumabayev,R (2614) Almaty 2017}) 9. Bxf6 Bxf6 10. g3 O-O 11. Qd2 Be7 12. O-O-O Nd7 13. Nd5 Bxd5 14. exd5 Rc8 15. Kb1 Nb6 16. f3 Qc7 17. Bd3 {Precision: White = 63%, Black = 62%.} 1/2-1/2

[Event "EICC 2017"]
[Site "Minsk"]
[Date "2017.06.03"]
[Round "5"]
[White "Kobo, Ori"]
[Black "Mista, Aleksander"]
[Result "0-1"]
[WhiteElo "2476"]
[BlackElo "2606"]
[Annotator "TA"]
[PlyCount "108"]
[EventDate "2017.??.??"]
[EventCountry "BLR"]
[SourceTitle "playchess.com"]
[Source "ChessBase"]
[SourceQuality "1"]

{[%evp 22,108,51,35,47,45,68,50,39,35,42,52,40,14,19,10,36,18,23,31,27,14,38,29,38,0,0,0,0,0,0,0,0,0,0,0,0,0,0,0,0,0,0,0,0,0,0,0,0,0,0,0,0,0,0,0,0,-12835,-12835,-12836,-12836,-12837,-12837,-12839,-12839,-12840,-12840,-12841,-12841,-12842,-12843,-12843,-12843,-12844,-12844,-12845,-12845,-12845,-12846,-12847,-12845,-12846,-12847,-12847,-12847,-12848,-12848,-12850,-12850]} 1. e4 c5 2. Nf3 Nc6 3. d4 cxd4 4. Nxd4 Qb6 5. Nb3 Nf6 6. Nc3 e6 7. Qe2 Bb4 8. Bd2 O-O 9. a3 {B33: Sicilian: Pelikan and Sveshnikov Variations} (9. O-O-O d5 10. exd5 exd5 11. Be3 Qc7 12. Nb5 Qd8 13. f3 a6 14. N5d4 Re8 15. Qf2 Ne5 16. Bd2 Bd6 17. Kb1 a5 18. Bb5 a4 {½-½ (76) Amonatov,F (2620)-Korobov,A (2692) Doha 2016}) 9... Be7 10. O-O-O d5 11. exd5 Nxd5 12. g3 {LiveBook: 5 Games} Bf6 13. Ne4 $1 e5 $146 ({Predecessor:} 13... Be7 14. Bg2 a5 15. Nc3 a4 16. Nxd5 exd5 {½-½ (55) Lingur,Z (2007)-Dordzhieva,D (2088) Elista 2014}) 14. Qb5 (14. Be3 $5 Nxe3 15. Nxf6+ gxf6 16. Qxe3 $11) 14... Rd8 15. Nxf6+ Nxf6 16. Qxb6 axb6 17. Bg2 Bg4 18. Rde1 Be6 19. Bc3 Bd5 20. Bxd5 Rxd5 21. Rhf1 Re8 22. Nd2 b5 23. Ne4 Nxe4 24. Rxe4 f5 25. Re3 Kf7 26. Rfe1 Re6 27. b3 g5 28. f3 Kg6 29. Kb2 f4 30. Re4 fxg3 31. hxg3 Rf6 32. Bxe5 Rxf3 33. g4 Nxe5 34. Rxe5 Rxe5 35. Rxe5 $11 {[%mdl 4096] Endgame KR-KR} h5 36. gxh5+ Kxh5 {White must now prevent ...Rf7.} 37. Rxb5 Rf7 {...Kh4 is the strong threat.} 38. b4 Kh4 {[#] And now ...g4 would win.} 39. Kb3 $2 {[%mdl 8192]} (39. Rb6 $11) 39... g4 $19 {Black is clearly winning.} 40. Rb6 g3 41. Rg6 Rf5 42. c4 Rg5 43. Rh6+ Kg4 44. Rh1 g2 45. Rg1 Kf3 46. c5 Kf2 47. Rc1 g1=Q 48. Rxg1 Rxg1 {KR-K3P} ({Less strong is} 48... Kxg1 49. Kc4 $17) 49. Kc4 Ke3 50. Kd5 Rg5+ 51. Kd6 Kd4 52. Kc7 Rg7+ 53. Kb6 Kc4 54. b5 Rg6+ {Precision: White = 50%, Black = 89%.} 0-1